书目信息 |
| 题名: |
新拍案惊奇
|
|
| 作者: | 唐英超 著 | |
| 分册: | ||
| 出版信息: | 长春 时代文艺出版社 2001 |
|
| 页数: | 438页 | |
| 开本: | 20cm | |
| 丛书名: | ||
| 单 册: | ||
| 中图分类: | I247.47 , I247.4 | |
| 科图分类: | ||
| 主题词: | 章回小说--中国--现代 , 长篇小说--中国--现代 , CT--S007141--长篇小说 , CT--S093673--章回小说 | |
| 电子资源: | ||
| ISBN: | 7-5387-1523-1 | |
| 000 | 00832nam0 2200289 45 | |
| 001 | 012001050587 | |
| 005 | 20060531155103.13 | |
| 009 | 012001050587 | |
| 010 | @a7-5387-1523-1@dCNY26.80 | |
| 035 | @a(011001)c2001045112 | |
| 100 | @a20010717d2001 em y0chiy0120 ea | |
| 101 | 0 | @achi |
| 102 | @aCN@b220000 | |
| 105 | @ay z 000ay | |
| 200 | 1 | @a新拍案惊奇@Axin pai an jing qi@e长篇小说@f唐英超著 |
| 210 | @a长春@c时代文艺出版社@d2001 | |
| 215 | @a438页@d20cm | |
| 314 | @a唐英超,毕业于北京电影学院导演系,著有《大阿訇》等。 | |
| 606 | 0 | @a章回小说@y中国@z现代 |
| 606 | 0 | @a长篇小说@y中国@z现代 |
| 606 | 0 | @2CT@3S007141@a长篇小说 |
| 606 | 0 | @2CT@3S093673@a章回小说 |
| 690 | @aI247.47@v4 | |
| 690 | @aI247.4@v3 | |
| 701 | 0 | @a唐英超@Atang ying chao@4著 |
| 801 | 0 | @aCN@bNLC@c20060531 |
| 905 | @aBZT@dI247.4@e370 | |
| 新拍案惊奇:长篇小说/唐英超著.-长春:时代文艺出版社,2001 |
| 438页;20cm |
| ISBN 7-5387-1523-1:CNY26.80 |
| ● |
| 相关链接 |
|
|
|
正题名:新拍案惊奇
索取号:I247.4/370
 
预约/预借
| 序号 | 登录号 | 条形码 | 馆藏地/架位号 | 状态 | 备注 |
| 1 | 443240 | 230000652 | 中心书库中库/打包BH1641/ [索取号:I247.4/370] | 在馆 | |
| 2 | 443241 | 230000651 | 中心书库中库/打包BH1641/ [索取号:I247.4/370] | 在馆 | |
| 3 | 443242 | 230000650 | 中心书库中库/打包BH1641/ [索取号:I247.4/370] | 在馆 |